LEADER 00768nam a2200205 4500 001 000000353570 003 CaOOAMICUS 005 20230424142401.0 008 230424s1937 it a 000 u ita r 040 $aSeMil$bita 245 00$aOmaggio di figli. 264 1$aMilano :$bLuigi Reali,$c1937. 300 $a63 p. :$bill. ;$c30 cm 500 $aIn ultima pagina : Desio, 2-3-4 ottobre 1937 650 4$aPio XI - Celebrazioni.$0(OLS)http://semarc/subject/31839 850 $aSeMil 852 $aSeMil$W1$xVenegono$y1$m5D X 10/9$j239680$B244754$CSeMilBibl$Z2$F244754 $81 996 $6245$aOmaggio di figli$9(OLS)http://semarc/title/443647 996 $6264$aMilano :$bLuigi Reali$9(OLS)http://semarc/publisher/40021 LEADER 01002nam a2200205 i 4500 001 000000232446 003 CaOOAMICUS 005 20140828000000.0 008 140828s1937 it u000 u ger u 013 $a211349 040 $aSeMil$bita 100 1 $aHolzner, Josef,$d<1877-1947>.$0(OLS)http://semarc/name/23567 245 10$aPaulus :$bein Heldenleben im Dienste Christi in religionsgeschichtlichen Zusammenhang dargestellt /$cvon D. Dr. Josef Holzner. 260 $aFreiburg im Breisgau :$bHerder & Co.,$c1937. 300 $aX, 458 p., [16] c. di tav. :$bill., 1 c. geogr. ;$c24 cm. 600 04$aPaolo .$0(OLS)http://semarc/subject/1316 850 $aSeMil 852 $aSeMil$W1$xVenegono$y1$m2Z IV 197$j182792$B182792$CSeMilBibl$Z2$F193814 $81 996 $6245$aPaulus :$bein Heldenleben im Dienste Christi in religionsgeschichtlichen Zusammenhang dargestellt$9(OLS)http://semarc/title/331690 996 $6260$aFreiburg im Breisgau :$bHerder & Co.$9(OLS)http://semarc/publisher/29979 LEADER 00841nam a2200217 i 4500 001 000000055714 003 CaOOAMICUS 005 19970711000000.0 008 970711s1961 vc u000 u lat u 013 $a26886 040 $aSeMil$bita 245 10$aSuperiores Generales Religiosorum. 300 $a344 p. 500 $aIn mezzo al front. : Sub secreto. 773 0 $tActa et Documenta Concilio Oecumenico Vaticano 2. apparando.$d[In Urbe Vaticani] : Typis Polyglottis Vaticanis, 1960-1995.$w()515 773 0 $tSeries 1..$gVolumen2$w()6719 773 0 $tConsilia et vota Episcoporum ac Praelatorum.$gPars8$w()6721 850 $aSeMil 852 $aSeMil$W1$xVenegono$y1$mSL1.Z V 9$j21868$B21868$CSeMilBibl$Z2$F21870 $8I 961 $aAcquisto: Casa editrice 996 $6245$aSuperiores Generales Religiosorum$9(OLS)http://semarc/title/86465 LEADER 00728nam a2200193 i 4500 001 000000080965 003 CaOOAMICUS 005 20180330000000.0 008 180330s1982 it u000 u ita u 013 $a53203 040 $aSeMil$bita 245 10$a1851-1852. 300 $a218 p. 773 0 $aKierkegaard, Søren <1813-1855>$tDiario.$dBrescia : Morcelliana, 1980-1983.$bTerza edizione riveduta e aumentata.$gVol.9$w()21197 850 $aSeMil 852 $aSeMil$W1$xVenegono$y1$m2P VII 229$j46318$B46318$CSeMilBibl$Z2$F48562 $81 852 $aSeMil$W1$xVenegono$y1$m2P II 994$j230145$B239388$CSeMilBibl$Z2$F239388 $81 961 $aRecupero: Seminario di Seveso 996 $6245$a1851-1852$9(OLS)http://semarc/title/404268